| 000 | 00365nam a22001457a 4500 | ||
|---|---|---|---|
| 003 | SGT | ||
| 082 |
_a617.6342 _bM21V |
||
| 100 | _aVerma, Simran | ||
| 245 | _aMicrobial evaluation and knot safety... | ||
| 260 |
_aGurugram, Haryana _bSGT University _c2021 |
||
| 300 | _a92 | ||
| 650 | _aConservative Dentistry | ||
| 653 | _aConservative Dentistry | ||
| 942 |
_2ddc _cTH |
||
| 999 |
_c23609 _d23609 |
||